书目信息 |
| 题名: |
医学机能实验学
|
|
| 作者: | 王爱梅 , 金英 , 曲巍 著 | |
| 分册: | ||
| 出版信息: | 北京 科学出版社 2012 |
|
| 页数: | 197页 | |
| 开本: | 26cm | |
| 丛书名: | ||
| 单 册: | ||
| 中图分类: | R-33 | |
| 科图分类: | ||
| 主题词: | 实验医学--医学院校--教材 | |
| 电子资源: | ||
| ISBN: | 978-7-03-033171-7 | |
| 000 | 01193nam0 2200277 450 | |
| 001 | 012015000218 | |
| 005 | 20150914160247.28 | |
| 010 | @a978-7-03-033171-7@dCNY29.80 | |
| 100 | @a20120317d2012 em y0chiy50 ea | |
| 101 | 0 | @achi |
| 102 | @aCN@b110000 | |
| 105 | @ay z 000yy | |
| 106 | @ar | |
| 200 | 1 | @a医学机能实验学@Ayi xue ji neng shi yan xue@f王爱梅,金英,曲巍主编 |
| 205 | @a3版 | |
| 210 | @a北京@c科学出版社@d2012 | |
| 215 | @a197页@c图@d26cm | |
| 300 | @a全国高等院校医学实验教学规划教材 | |
| 330 | @a本书共分五篇。第一篇主要介绍了机能实验学的基本知识和要求、实验动物的基本知识和操作技术、常用仪器没备及使用等;第二篇为机能实验学基础实验,介绍了经典的离体组织器官实验、在体动物实验和人体机能实验;第三篇为机能实验学综合性实验,介绍了循环系统、呼吸系统、消化系统、泌尿系统和神经系统共19个综合性实验;第四篇为创新性实验,介绍了实验研究的基本知识及统计学方法、常用疾病动物模型的制备等,并精选了5个创新性实验范例;第五篇为病例讨论。 | |
| 606 | 0 | @a实验医学@x医学院校@j教材 |
| 690 | @aR-33@v5 | |
| 701 | 0 | @a王爱梅@Awang ai mei@4著 |
| 701 | 0 | @a金英@Ajin ying@4主编 |
| 701 | 0 | @a曲巍@Aqu wei@4主编 |
| 801 | 0 | @aCN@b碧洲教育@c20150716 |
| 905 | @a10447@f4@dR-33@e27=3 | |
| 医学机能实验学/王爱梅,金英,曲巍主编.-3版.-北京:科学出版社,2012 |
| 197页:图;26cm |
| 全国高等院校医学实验教学规划教材 |
| ISBN 978-7-03-033171-7:CNY29.80 |
| 本书共分五篇。第一篇主要介绍了机能实验学的基本知识和要求、实验动物的基本知识和操作技术、常用仪器没备及使用等;第二篇为机能实验学基础实验,介绍了经典的离体组织器官实验、在体动物实验和人体机能实验;第三篇为机能实验学综合性实验,介绍了循环系统、呼吸系统、消化系统、泌尿系统和神经系统共19个综合性实验;第四篇为创新性实验,介绍了实验研究的基本知识及统计学方法、常用疾病动物模型的制备等,并精选了5个创新性实验范例;第五篇为病例讨论。 |
| ● |
| 相关链接 |
|
|
|
|
正题名:医学机能实验学
索取号:R-33/27=3
 
预约/预借
| 序号 | 登录号 | 条形码 | 馆藏地/架位号 | 状态 | 备注 |
| 1 | 0870213 | 208702135 | 第二样本阅览室/ [索取号:R-33/27=3] | 在馆 | |
| 2 | 0870214 | 208702144 | 第三借阅区/ [索取号:R-33/27=3] | 在馆 | |
| 3 | 0870215 | 208702153 | 第三借阅区/ [索取号:R-33/27=3] | 在馆 | |
| 4 | 0870216 | 208702162 | 第三借阅区/ [索取号:R-33/27=3] | 在馆 |